Score 0/22 Timer 02:00
0 Plays Today
Boy Movie Missing Word % Correct
Boyz n the ___Hood
89.9%
Boys Don't ___Cry
89.8%
Boys' Night ___Out
88.4%
___ Boys IIBad
81.4%
Riding in ___ with BoysCars
69%
The Boy in the ___ PajamasStriped
65.8%
___ the Boys AreWhere
65.2%
A Boy and His ___Dog
64.9%
___ a BoyAbout
61.6%
The ___ Baker BoysFabulous
52.8%
The Last Boy ___Scout
47.5%
Boy Movie Missing Word % Correct
Fat Man and ___ BoyLittle
45.3%
The ___ BoysLost
45.2%
___ BoyTommy
44.4%
This Boy's ___Life
35.9%
Boys on the ___ Side
32.2%
The Boys from ___Brazil
26.4%
___ the BoysFor
23%
___ BoyBubble
20.9%
___ BoysWonder
16.6%
___ BoyCabin
13.8%
The ___ BoysSunshine
10.9%

Today's Daily Dose

Remove Ads.
Support Sporcle.
Get the best of Sporcle when you Go Orange. This ad-free experience offers more features, more stats, and more fun while also helping to support Sporcle. Thank you for becoming a member.

You're not logged in!

Compare scores with friends on all Sporcle quizzes.
OR
Log In

Show Comments

Extras

Top Quizzes Today


Score Distribution

Your Account Isn't Verified!

In order to create a playlist on Sporcle, you need to verify the email address you used during registration. Go to your Sporcle Settings to finish the process.

Report this User

Report this user for behavior that violates our Community Guidelines.

Details: